მუქარის გამოხატვის პრაგმატიკული და სოციოლინგვისტური თავისებურებები ვერბალური და არავერბალური კომუნიკაციის პროცესში : (ბიბ.ჩანაწერი № 57540)
[ მარტივი ფორმატი ]
| 000 -ლიდერი | |
|---|---|
| ფიქსირებული სიგრძის საკონტროლო ველი | 01662nam a22002297a 4500 |
| 003 - საკონტროლო ნომრის იდენტიფიკატორი | |
| საკონტროლო ველი | Ge_BSU |
| 005 - ბოლო ოპერაციის თარიღი და დრო | |
| საკონტროლო ველი | 20220419123516.0 |
| 008 - ფიქსირებული სიგრძის მონაცემთა ელემენტები - ზოგადი ინფორმაცია | |
| ფიქსირებული სიგრძის საკონტროლო ველი | 200727s2020 ge ||||| |||| 00| 0 geo d |
| 041 ## - ენის კოდი | |
| Language code of text/sound track or separate title | geo |
| 080 ## - უნივერსალური ათობითი კლასიფიკაციის ინდექსი | |
| Universal Decimal Classification number | 82 ჭ-87 |
| 100 ## - მთავარი ჩანაწერი - პიროვნების სახელი | |
| Personal name | ჭურჭელაური, ბელა |
| 9 (RLIN) | 9036 |
| 245 ## - ცნობა სათაურის შესახებ | |
| Title | მუქარის გამოხატვის პრაგმატიკული და სოციოლინგვისტური თავისებურებები ვერბალური და არავერბალური კომუნიკაციის პროცესში : |
| Remainder of title | (ინგლისური და ქართული ენების მასალებზე დაყრდნობით) / |
| Statement of responsibility, etc | ბელა ჭურწელაური, სამეცნ. ხელმძღვ. ირინე გოშხეთელიანი. |
| 264 ## - წარმოების, გამოცემის, დისტრიბუციის და სხვა ცნობები | |
| გამოცემის, წარმოების, დისტრიბუციის... ადგილი | ბათუმი, |
| გამოცემის, წარმოების, დისტრიბუციის... თარიღი | 2020. |
| 300 ## - ფიზიკური აღწერა | |
| Extent | 186 გვ. |
| Other physical details | 30 სმ. |
| 504 ## - BIBLIOGRAPHY, ETC. NOTE | |
| Bibliography, etc | ბიბლიოგრ. გვ. 126-139 დანართი გვ.139-186 |
| 653 ## - INDEX TERM--UNCONTROLLED | |
| Uncontrolled term | ჰუმანიტარული მეცნიერებები |
| 653 ## - INDEX TERM--UNCONTROLLED | |
| Uncontrolled term | ლინგვისტიკა |
| 653 ## - INDEX TERM--UNCONTROLLED | |
| Uncontrolled term | დისერტაცია |
| 700 ## - ADDED ENTRY--PERSONAL NAME | |
| Personal name | გოშხეთელიანი, ირინე |
| Relator term | სამეცნ. ხელმძღვ. |
| 9 (RLIN) | 9037 |
| 710 ## - ADDED ENTRY--CORPORATE NAME | |
| Corporate name or jurisdiction name as entry element | ბათუმის შოთა რუსთაველის სახელმწიფო უნივერსიტეტი |
| Subordinate unit | ჰუმანიტარულ მეცნიერებათა ფაკულტეტი |
| 9 (RLIN) | 9038 |
| 942 ## - ADDED ENTRY ELEMENTS (KOHA) | |
| Source of classification or shelving scheme | |
| Koha item type | წიგნი |
| ჩამოწერის სტატუსი | დაკარგული ეგზემპლარის სტატუსი | კლასიფიკაციის წყარო ან თაროზე გაწყობის სქემა | დაზიანების სტატუსი | არ გაიცემა | მუდმივი მდებარეობა (დაცვის ადგილი) | ამჟამინდელი ადგილსამყოფელი | თაროზე განთავსების ადგილი | შეძენის თარიღი | სრული შენახვის შიფრი | შტრიხკოდი | ბოლო ოპერაციის თარიღი | ეგზემპლარის მიმდევრობითი ნომერი (კეტერი?) | ფასის ძალაში შესვლის თარიღი | ეგზემპლარის სახეობა |
|---|---|---|---|---|---|---|---|---|---|---|---|---|---|---|
| ბათუმის შოთა რუსთაველის სახელმწიფო უნივერსიტეტის მთავარი ბიბლიოთეკა | ბათუმის შოთა რუსთაველის სახელმწიფო უნივერსიტეტის მთავარი ბიბლიოთეკა | წიგნსაცავი | 2020-07-27 | 82 ჭ-87 | 341 დისერტაცია | 2020-07-27 | 341 დისერტაცია | 2020-07-27 | დისერტაცია |
